1299 1351 1271 1393 1254 1682 1259 1078 1965 1256 1515 1786 1406 1123 1410 1033 1491 1696 1045 1854 1093 1438 1370 1825 1458 1377 1704 1354 1896 1805 1288 1015 1221 1541 1802 1565 1931 1247 1520 1636 1153 1952 1176 1966 1784 1378 1607 1853 1105 1094 1789 1801 1664 1020 1120 1162 1670 1130 1420 1920 1867 1276 1691 1302 1522 1704 1057 1029 1553 1906 1708 1947 1181 1224 1174 1806 1441 1515 1210 1930 1214 1043 1137 1994 1123 1363 1966 1208 1387 1749 1576 1602 1636 1150 1934 1579 1712 1420 1695 BCNSPRNW ULIB Ver.6.0+V

เปลี่ยนเป็นภาษาไทย

Change to English
 แสดงรายละเอียดบรรณานุกรม
  กลับหน้าหลัก

Brief Record : Get Marc (ISO 2709) : E-mail record : QR code < ปิดหน้าต่าง
LEADER : 00000nam 2200000uu 4500
001    13399114846
003     ULIB
008    020711s2547 th a 000 0 tha d
020    ^a9749240502
082 04 ^aนว.^bย232ส
090    ^aนว.^bย232ส
100    ^aยาขอบ
245    ^aจูล่ง สุภาพบุรุษจากเสียงสาน /^cยาขอบ
260    ^aกรุงเทพฯ :^bดอกหญ้า,^c2547
945    ^p0^l0^i024698
999 ^a ทศพร
รายการนี้ยังไม่มีแท็ก
คุณยังไม่ได้ล็อกอิน คุณสามารถมีกิจกรรมร่วมกับเว็บไซต์ได้ แต่ต้องล็อกอินก่อน ::
  ล็อกอิน

รายการสื่อสารสนเทศ

ลำดับที่ ประเภท เลขเรียก/บาร์โค้ด สถานที่ สถานะ
- ไม่พบข้อมูล -

รายการใกล้เคียง
    ผู้แต่ง [ยาขอบ]

BibComment


ยังไม่เคยถูกคอมเมนท์

คอมเมนท์ทรัพยากรรายการนี้
  คอมเมนท์: จูล่ง สุภาพบุรุษ..


 Copyright 2026. Bcnsprnw @Library